Nechcem dávať nesprávne odpovede Hovoríme s Milošom Zemanom, predsedom ČSSD

Bibliographic Details
Main Authors: Zeman, Miloš, 1944- (Author), Lenická, Anna (Author)
Format: Article
Language:Slovak
PhysicalDescription:Fotogr. 4
Subjects:

MARC

LEADER 00000nab a2200000 a 4500
001 vtls000508121
003 SK-MaSNL
005 20260303003340.0
008 160201c1994 xo 0 slo
015 |a SNBRB19rr/mm-uuuuu 
035 |a CL0508259 
040 |a SNKBUCL  |b slo  |c SNKBUCL  |e AACR2 
041 0 |a slo 
044 |a xo  |c SK 
080 |a 329.14(4)  |2 1981 
080 |a 329.14(437.1/.2)ČSSD  |2 1981 
080 |a 323(437.1/.2)  |2 1981 
100 1 |a Zeman, Miloš,  |d 1944-  |4 aut  |9 119520 
245 1 0 |a Nechcem dávať nesprávne odpovede  |b Hovoríme s Milošom Zemanom, predsedom ČSSD  |c Miloš Zeman, Anna Lenická 
300 |b Fotogr. 4 
600 1 7 |a Zeman, Miloš,  |d 1944-  |2 snkbucl  |9 119520 
650 0 7 |a Československá sociálna demokracia (politická strana)  |2 snkbucl  |9 954756 
655 7 |a články z novín a časopisov  |2 snkbucl  |9 267496 
700 1 |a Lenická, Anna  |4 aut  |9 565619 
773 0 |t Nové slovo bez rešpektu  |g Roč. 4, č. 3 (1994), s. 8-9 
850 |a Slovenská národná knižnica v Martine  |a MTA001 
852 |a SNK  |b KIS3GCP 
958 |a RK 
958 |a CZ 
992 |a RBX 
999 |c 1572349  |d 1574279